000
00309nam a22001337a 4500
008
181018b xxu||||| |||| 00| 0 eng d
020
_a
9780471850809
041
_a
eng
080
_a
159.9
100
_a
49
101
_a
PSI
245
_a
The Rorschach: A Comprehensive System
_c
Exner, J.E
942
_2
udc
_c
BK
999
_c
50170
_d
50170